Emendationes in Suidam Et Hesychium, Et Alios Lexicographos Graecos Scripsit Jo. Toup, Ecclesiae Cathed. Exon. Praebendarius, Et Ecclesiae S Martini Cum Capella De Loo In Agro Cornubiensi Rector Vol. III

Bibliographic Details
Main Author: Toup, Jonathan 1713 - 1785 (Author)
Corporate Author: Oxford University Press (Veľká Británia, Oxford) (Printer)
Format: Book
Language:Latin
Greek, Modern (1453- )
PhysicalDescription:563 strán 21 cm
Subjects:

MARC

LEADER 00000nam a2200000 4500
001 vtls011924393
003 SK-MaSNL
005 20260301053015.0
008 200316t1790 xxk| r 000 0 lat
015 |a SNBHFA1790 
040 |a SNKHF  |b slo  |c SNK  |e rda 
041 |a lat  |a gre 
044 |a uk  |c GB 
072 7 |a 81  |x Lingvistika. Jazyky  |2 konspekt 
080 |a 81'373.45  |2 2011 
100 1 |a Toup, Jonathan  |d 1713 - 1785  |4 aut  |9 362800 
245 1 0 |a Emendationes in Suidam Et Hesychium, Et Alios Lexicographos Graecos  |b Scripsit Jo. Toup, Ecclesiae Cathed. Exon. Praebendarius, Et Ecclesiae S Martini Cum Capella De Loo In Agro Cornubiensi Rector  |n Vol. III 
264 3 |a Oxonii  |b Typographeo Clarendoniano  |c M DCC XC (1790) 
300 |a 563 strán  |c 21 cm 
336 |a text  |b txt  |2 rdacontent 
337 |a bez média  |b n  |2 rdamedia 
338 |a zväzok  |b nc  |2 rdacarier 
500 |a Kustody, iniciálky na 2 riadky, text striedavo v latinskom a gréckom jazyku 
504 |a Vysvetlivky a komentáre pod textom 
563 |a Väzba pôvodná, pergamenová.  |5 SNK IC 145022/3 
650 0 7 |a lingvistika  |2 SNKPH  |9 860 
710 1 |a Oxford University Press (Veľká Británia, Oxford)  |4 prt  |9 362801 
752 |a Veľká Británia  |d Oxford 
852 |a snk  |b Aponiovská knižnica  |p IC 145022/3 
958 |a DD 
958 |a ONDV 
999 |c 607151  |d 609081 
952 |t Op. I/56  |a SNK  |b SNK  |c SNK_HF  |y PREZ  |7 0  |p 17A1392873  |o snkIC 145022/3  |i snk2020/6627  |8 5  |0 0  |1 0  |4 0  |d 2020-03-16  |l 0  |r 2026-02-23 16:12:35  |w 2026-02-23